| 000 | 01037cam a2200313 i 4500 | ||
|---|---|---|---|
| 999 |
_c200453198 _d71410 |
||
| 003 | TR-AnTOB | ||
| 005 | 20230529112422.0 | ||
| 007 | ta | ||
| 008 | 210712s2021 tu 000 p tur d | ||
| 020 | _a9786257604949 | ||
| 040 |
_aTR-AnTOB _beng _erda _cTR-AnTOB |
||
| 041 | 0 | _atur | |
| 050 | 1 | 4 | _aPL248.A8563 |
| 090 |
_aPL248.A8563 _bB343 2021 |
||
| 100 | 1 |
_aBahadır, Sedat _eauthor _9142091 |
|
| 245 | 1 | 0 |
_aArtvinli halk şairi Gülden'in şiir dünyası: _b(metin-inceleme-tasnif) / _cDoç. Dr. Sedat Bahadır. |
| 246 | 1 | 4 | _aArtvinli halk şairi Gülden. |
| 250 | _aGenişletilmiş 2. baskı: Haziran 2021 | ||
| 264 | 1 |
_aAnkara : _bArtvin Valiliği Kültür Yayınları, _c2021. |
|
| 300 |
_avolumes (v.2) ; _c24 cm |
||
| 336 |
_2rdacontent _atext _btxt |
||
| 337 |
_2rdamedia _aunmediated _bn |
||
| 338 |
_2rdacarrier _avolume _bnc |
||
| 600 | 1 | 0 |
_aÂşık Gülden, _d1967- _9142092 |
| 650 | 0 | 7 |
_aŞairler, Türk _2etuturkob _9101951 |
| 650 | 0 | 7 |
_aTürk şiiri _2etuturkob _984273 |
| 942 |
_2lcc _cBK |
||